000 00882nam a22001937a 4500
999 _c176557
_d176557
005 20210128111329.0
010 _aUR-10992
020 _c300.00
_a-
035 _aU-9547
037 _bDBAD/PUB
082 _a840.8
100 _aتبہ: عبد الحق،ا نو ا ر ا حمد،ا يس ا قبا ل قر يشی،سر فر ا ز جا و يد -محمد شا ہد خا ن
245 _aنز ر مشتا ق ا حمد
_cمر تبہ: عبد الحق،ا نو ا ر ا حمد،ا يس ا قبا ل قر يشی،سر فر ا ز جا و يد -محمد شا ہد خا ن
246 _bNazer-e-Mushtaq Ahmed (Urdu)
_aEdited by Abdul Haq Anwar Ahmed
260 _aGujrat
_bShams Grup of School
_c2020 ء
270 _aShams Grup of School,Rakhial Road,Crossing,
_bAhmedabad
_e380023
_l9327040143
300 _a224 ص
_c22 Cm(Hb)
942 _2ddc
_cUR
_h840.8
_mن ز ر